[Event "DM 2022 Kort Paaske 1 Grp1"]
[Site "Svendborg"]
[Date "2022.04.10"]
[Round "3"]
[White "Aggerbeck Lauritzen, Nikolaj"]
[Black "Steenstrup, Svend"]
[Result "1-0"]
[WhiteElo "1635"]
[BlackElo "1941"]
[PlyCount "47"]
[EventDate "2022.04.09"]
[EventType "swiss"]
[EventRounds "5"]
[EventCountry "DEN"]

1. d4 d5 2. Bf4 Nf6 3. e3 c5 4. c3 Nc6 5. Bd3 e6 6. Nd2 cxd4 7. exd4 Bd7 8.
Ngf3 Nh5 9. Bg5 f6 10. Ne5 Nxe5 11. dxe5 g6 12. exf6 Nxf6 13. h4 Be7 14. h5
gxh5 15. Rxh5 Rf8 16. Bxh7 Bc6 17. Bxf6 Rxf6 18. Qg4 Qb6 19. Bg6+ Kd7 20. O-O-O
Rg8 21. Nf3 Qxf2 22. Ne5+ Kc8 23. Rg5 Rf4 24. Qxe6+ 1-0

[Event "DM 2022 Kort Paaske 1 Grp1"]
[Site "Svendborg"]
[Date "2022.04.11"]
[Round "4"]
[White "Ringsmose, Christian"]
[Black "Nielsen, Karsten Ejvind"]
[Result "0-1"]
[WhiteElo "1739"]
[BlackElo "1789"]
[PlyCount "72"]
[EventDate "2022.04.09"]
[EventType "swiss"]
[EventRounds "5"]
[EventCountry "DEN"]

1. e4 c5 2. Nf3 d6 3. d4 cxd4 4. Nxd4 Nf6 5. Nc3 a6 6. Bg5 e6 7. f4 Nbd7 8. Bc4
Qc7 9. Bb3 b5 10. Qf3 Bb7 11. O-O-O Be7 12. Bxe6 fxe6 13. Nxe6 Qc6 14. Nxg7+
Kf7 15. Nf5 Rac8 16. Nxe7 Kxe7 17. Nd5+ Kf7 18. Qb3 Nc5 19. Qh3 Ncxe4 20. Ne3
d5 21. Rhf1 Rhd8 22. Bxf6 Nxf6 23. Rf2 d4 24. Ng4 Nxg4 25. Qxh7+ Kf8 26. Qh8+
Kf7 27. Qh7+ Ke6 28. Qg6+ Nf6 29. Re2+ Kd6 30. Qxf6+ Kc5 31. Qe7+ Rd6 32. b4+
Kb6 33. Rd3 Rc7 34. Qh4 Qc4 35. Qg3 Be4 36. Red2 Qxa2 0-1

[Event "DM 2022 Kort Paaske 1 Grp1"]
[Site "Svendborg"]
[Date "2022.04.11"]
[Round "4"]
[White "Justesen, Martin Bonde"]
[Black "Jacobsen, Hans Endrup"]
[Result "0-1"]
[WhiteElo "1852"]
[BlackElo "1903"]
[PlyCount "86"]
[EventDate "2022.04.09"]
[EventType "swiss"]
[EventRounds "5"]
[EventCountry "DEN"]

1. d4 Nf6 2. Nc3 d5 3. Bf4 c6 4. f3 Bf5 5. g4 Bg6 6. h4 h6 7. Qd2 e6 8. e3 Bd6
9. Bd3 Bxf4 10. exf4 Bxd3 11. Qxd3 Qd6 12. Nh3 Nbd7 13. O-O-O O-O-O 14. Ne2 Nb6
15. b3 g6 16. Kb2 Kb8 17. a4 Qb4 18. Ra1 Rc8 19. a5 Nc4+ 20. Kc1 Na3 21. Qc3
Qd6 22. Qc5 Qxc5 23. dxc5 Nb5 24. Nf2 Rcd8 25. Nd3 Nd7 26. Kb2 h5 27. g5 Rhe8
28. a6 e5 29. axb7 e4 30. fxe4 dxe4 31. Nb4 Kxb7 32. Ra5 Nxc5 33. Rha1 Rd2 34.
Nc3 Nd3+ 35. Nxd3 exd3 36. Nxb5 Rxc2+ 37. Ka3 cxb5 38. Rxb5+ Kc6 39. Rb4 Rd8
40. Rc4+ Rxc4 41. bxc4 d2 42. Rd1 Kc5 43. Kb3 Rd3+ 0-1

[Event "DM 2022 Kort Paaske 1 Grp1"]
[Site "Svendborg"]
[Date "2022.04.11"]
[Round "4"]
[White "Jorgensen, Ole Eik"]
[Black "Motzkus, Mikkel Vinther"]
[Result "1/2-1/2"]
[WhiteElo "1854"]
[BlackElo "1974"]
[PlyCount "40"]
[EventDate "2022.04.09"]
[EventType "swiss"]
[EventRounds "5"]
[EventCountry "DEN"]

1. e4 e6 2. d4 d5 3. exd5 exd5 4. Nf3 Nf6 5. Be2 Bd6 6. Bg5 O-O 7. O-O Bf5 8.
Nbd2 Nbd7 9. Re1 h6 10. Bh4 c6 11. c3 Qc7 12. Nf1 Rfe8 13. Bg3 Bxg3 14. Nxg3
Bh7 15. Qb3 Re7 16. Bf1 Ne4 17. Nxe4 Bxe4 18. Nd2 Rae8 19. Nxe4 dxe4 20. c4 Kh8
1/2-1/2

[Event "DM 2022 Kort Paaske 1 Grp1"]
[Site "Svendborg"]
[Date "2022.04.11"]
[Round "4"]
[White "Madsen, Egon Rysgaard"]
[Black "Andersen, Claus"]
[Result "0-1"]
[WhiteElo "1688"]
[BlackElo "1880"]
[PlyCount "80"]
[EventDate "2022.04.09"]
[EventType "swiss"]
[EventRounds "5"]
[EventCountry "DEN"]

1. e4 c5 2. Nf3 Nc6 3. d4 cxd4 4. Nxd4 g6 5. Be3 Bg7 6. Nc3 Nf6 7. Be2 O-O 8.
Qd2 d5 9. exd5 Nb4 10. Rd1 Nbxd5 11. Nxd5 Qxd5 12. O-O e5 13. Nb3 Qxd2 14. Rxd2
Be6 15. f3 Nd5 16. Bc5 Rfc8 17. Rfd1 Nf4 18. Be3 Nxe2+ 19. Rxe2 b6 20. c3 Rd8
21. Red2 Bf6 22. Kf2 Be7 23. g3 Rxd2+ 24. Rxd2 Rd8 25. Rxd8+ Bxd8 26. Nc1 h5
27. h4 f6 28. b3 Kf7 29. Nd3 a5 30. c4 Bf5 31. Ke2 Ke6 32. Kd2 Bxd3 33. Kxd3 f5
34. a4 Kd6 35. Kc3 Kc6 36. Kd3 Be7 37. Bd2 Bc5 38. Be3 Bxe3 39. Kxe3 Kc5 40.
Kd3 Kb4 0-1

[Event "DM 2022 Kort Paaske 1 Grp1"]
[Site "Svendborg"]
[Date "2022.04.11"]
[Round "4"]
[White "Johansen, Johnny Holler"]
[Black "Hansen, Alex"]
[Result "1/2-1/2"]
[WhiteElo "1891"]
[BlackElo "1875"]
[PlyCount "52"]
[EventDate "2022.04.09"]
[EventType "swiss"]
[EventRounds "5"]
[EventCountry "DEN"]

1. e4 c6 2. d4 d5 3. exd5 cxd5 4. Bd3 Nf6 5. c3 e6 6. Nf3 Bd6 7. O-O O-O 8. Bg5
h6 9. Bh4 Nbd7 10. Nbd2 a6 11. a4 b6 12. Re1 Qc7 13. Bg3 a5 14. Qe2 Bxg3 15.
hxg3 Re8 16. Bb5 Re7 17. Ne5 Nxe5 18. Qxe5 Ba6 19. Bxa6 Rxa6 20. Qxc7 Rxc7 21.
f3 Ra8 22. Kf2 Ne8 23. Nf1 Nd6 24. Ne3 Nc4 25. Nxc4 Rxc4 26. Ke3 Kf8 1/2-1/2

[Event "DM 2022 Kort Paaske 1 Grp1"]
[Site "Svendborg"]
[Date "2022.04.11"]
[Round "4"]
[White "Fischer, Johan"]
[Black "Aggerbeck Lauritzen, Nikolaj"]
[Result "1-0"]
[WhiteElo "1901"]
[BlackElo "1635"]
[PlyCount "139"]
[EventDate "2022.04.09"]
[EventType "swiss"]
[EventRounds "5"]
[EventCountry "DEN"]

1. Nf3 e6 2. g3 Nf6 3. Bg2 d5 4. c4 c6 5. b3 Be7 6. Bb2 O-O 7. O-O b6 8. d3
Nbd7 9. Nbd2 Bd6 10. e4 dxe4 11. Nxe4 Nxe4 12. dxe4 Qc7 13. e5 Nxe5 14. Nxe5
Bxe5 15. Bxe5 Qxe5 16. Bxc6 Rb8 17. Re1 Qc7 18. Qf3 Bb7 19. Bxb7 Qxb7 20. Qxb7
Rxb7 21. Rad1 b5 22. cxb5 Rxb5 23. Rd7 a5 24. Ra7 Rc8 25. Rd1 h6 26. Rd2 Rbc5
27. Rdd7 Rf5 28. Rd2 Rfc5 29. g4 Rg5 30. h3 h5 31. f3 Rc3 32. Kf2 hxg4 33. hxg4
f5 34. Rxa5 Rxf3+ 35. Kxf3 fxg4+ 36. Kf4 Rxa5 37. Kxg4 Kf7 38. a4 Ke7 39. Kf4
g5+ 40. Kg4 Kf6 41. Rf2+ Rf5 42. Rf3 Ke5 43. Re3+ Kd5 44. Rd3+ Ke5 45. Rd8 Ke4
46. b4 Ke5 47. Rb8 Kd6 48. Rb6+ Kc7 49. a5 Rd5 50. Kh5 Re5 51. Kg4 Rd5 52. b5
Rc5 53. Kh5 Rc4 54. Kxg5 Ra4 55. Rc6+ Kd7 56. a6 Ra5 57. Rb6 Kc7 58. Rb7+ Kc8
59. Kf6 Ra1 60. Kxe6 Rd1 61. b6 Rd8 62. Re7 Kb8 63. Rd7 Re8+ 64. Kd6 Ka8 65.
Re7 Rd8+ 66. Ke6 Rf8 67. Kd7 Rc8 68. Re8 Rb8 69. Rxb8+ Kxb8 70. Kc6 1-0

[Event "DM 2022 Kort Paaske 1 Grp1"]
[Site "Svendborg"]
[Date "2022.04.11"]
[Round "4"]
[White "Christensen, Michael Rene"]
[Black "Skytte, Robert"]
[Result "1-0"]
[WhiteElo "1694"]
[BlackElo "1437"]
[PlyCount "63"]
[EventDate "2022.04.09"]
[EventType "swiss"]
[EventRounds "5"]
[EventCountry "DEN"]

1. d4 d5 2. c4 c6 3. Nc3 Nf6 4. Bg5 e6 5. e3 Nbd7 6. Nf3 Bd6 7. Bd3 O-O 8. O-O
h6 9. Bxf6 Nxf6 10. Re1 dxc4 11. Bxc4 b5 12. Bd3 a5 13. Ne4 Nxe4 14. Bxe4 Ra6
15. Rc1 Qd7 16. Qe2 Bb7 17. Bd3 Rb6 18. Nd2 Rc8 19. Ne4 e5 20. Nc5 Qe7 21. Qd2
Ra8 22. Rc2 Kh8 23. Rec1 exd4 24. exd4 Qh4 25. g3 Qxd4 26. Nxb7 Rxb7 27. Rxc6
Bb4 28. Rc8+ Qd8 29. Rxd8+ Rxd8 30. Qe2 Re7 31. Qc2 Red7 32. Rd1 1-0

[Event "DM 2022 Kort Paaske 1 Grp1"]
[Site "Svendborg"]
[Date "2022.04.11"]
[Round "4"]
[White "Steenstrup, Svend"]
[Black "Jungberg, Lasse"]
[Result "1-0"]
[WhiteElo "1941"]
[BlackElo "1740"]
[PlyCount "69"]
[EventDate "2022.04.09"]
[EventType "swiss"]
[EventRounds "5"]
[EventCountry "DEN"]

1. d4 Nf6 2. c4 g6 3. Nc3 d5 4. Nf3 Nc6 5. Bf4 Bg7 6. Nb5 e5 7. dxe5 Nh5 8. Bg5
f6 9. exf6 Bxf6 10. Bxf6 Nxf6 11. cxd5 a6 12. Nc3 Ne7 13. e4 Bg4 14. Be2 Bxf3
15. Bxf3 Qd6 16. O-O O-O-O 17. Re1 Nd7 18. Ne2 Ne5 19. Nd4 Rdf8 20. Bg4+ Kb8
21. Ne6 Rf6 22. Bh3 g5 23. Re3 N7g6 24. Nxg5 Nf4 25. Ne6 Nxh3+ 26. Rxh3 Qb6 27.
Qe2 Ng4 28. Rf3 Rh6 29. Rc1 Qd6 30. Rg3 Nxh2 31. Qe3 Rh4 32. Rxc7 Ng4 33. Qb3
b5 34. Qc3 Qb6 35. Qxh8# 1-0

[Event "DM 2022 Kort Paaske 1 Grp1"]
[Site "Svendborg"]
[Date "2022.04.11"]
[Round "5"]
[White "Nielsen, Karsten Ejvind"]
[Black "Jacobsen, Hans Endrup"]
[Result "1-0"]
[WhiteElo "1789"]
[BlackElo "1903"]
[PlyCount "61"]
[EventDate "2022.04.09"]
[EventType "swiss"]
[EventRounds "5"]
[EventCountry "DEN"]

1. e4 c5 2. Nf3 d6 3. d4 cxd4 4. Nxd4 Nf6 5. Nc3 a6 6. Be3 e5 7. Nb3 Be6 8. f3
Be7 9. Qd2 Nbd7 10. O-O-O b5 11. g4 Nb6 12. g5 Nh5 13. Kb1 Qc7 14. f4 Nxf4 15.
Bxf4 exf4 16. Qxf4 O-O 17. Nd5 Bxd5 18. exd5 Nc4 19. Nd4 Ne5 20. h4 Qc5 21. Bh3
a5 22. h5 g6 23. hxg6 Nxg6 24. Qh2 Bxg5 25. Bf5 h6 26. Bxg6 fxg6 27. Ne6 Qf2
28. Qxd6 Rfc8 29. Nxg5 Qxc2+ 30. Ka1 hxg5 31. Qf6 1-0

[Event "DM 2022 Kort Paaske 1 Grp1"]
[Site "Svendborg"]
[Date "2022.04.11"]
[Round "5"]
[White "Poulsen, Peter Risgaard"]
[Black "Ringsmose, Christian"]
[Result "0-1"]
[WhiteElo "1870"]
[BlackElo "1739"]
[PlyCount "80"]
[EventDate "2022.04.09"]
[EventType "swiss"]
[EventRounds "5"]
[EventCountry "DEN"]

1. c4 Nf6 2. Nc3 e6 3. e4 Bb4 4. d3 O-O 5. e5 Ne8 6. g3 Nc6 7. Nf3 d6 8. Bg5 f6
9. exf6 Nxf6 10. a3 Ba5 11. b4 Bb6 12. d4 h6 13. Be3 Ng4 14. Be2 a5 15. c5 axb4
16. cxb6 bxc3 17. Qb3 c2 18. bxc7 Qxc7 19. Qxc2 Qa5+ 20. Nd2 Nb4 21. Qb1 Nxe3
22. fxe3 Nd5 23. Qb3 Qc7 24. Bc4 Qe7 25. Bxd5 exd5 26. Qxd5+ Be6 27. Qe4 d5 28.
Qd3 Bf5 29. Qb3 Be4 30. Rf1 Rxf1+ 31. Kxf1 Rc8 32. Rd1 Qf7+ 33. Kg1 Bc2 34. Rc1
Bxb3 35. Rxc8+ Kh7 36. Nxb3 Qf3 37. Nc5 Qxe3+ 38. Kg2 h5 39. Nxb7 Qe4+ 40. Kf1
Qf5+ 0-1

[Event "DM 2022 Kort Paaske 1 Grp1"]
[Site "Svendborg"]
[Date "2022.04.11"]
[Round "5"]
[White "Andersen, Claus"]
[Black "Christensen, John Christopher H"]
[Result "1-0"]
[WhiteElo "1880"]
[BlackElo "1837"]
[PlyCount "99"]
[EventDate "2022.04.09"]
[EventType "swiss"]
[EventRounds "5"]
[EventCountry "DEN"]

1. e4 c5 2. Nf3 e6 3. d3 Nc6 4. g3 g6 5. Bg2 Bg7 6. O-O Nge7 7. Re1 d6 8. c3
O-O 9. Bf4 d5 10. Nbd2 h6 11. Nf1 Re8 12. h3 e5 13. Bd2 d4 14. c4 a6 15. a3 Qd6
16. N3h2 Kh7 17. f4 Be6 18. Ng4 b5 19. b3 Rab8 20. Nf2 a5 21. Qc2 Rec8 22. Reb1
Rb7 23. Qd1 Rcb8 24. Nh2 Ra7 25. Nf3 Rbb7 26. Ng4 Bxg4 27. hxg4 f6 28. Kf2 g5
29. Qh1 exf4 30. gxf4 gxf4 31. e5 fxe5 32. Ng5+ Kg8 33. Ne4 Qg6 34. Nxc5 Rb6
35. Bf3 Nd8 36. Ne4 Nf7 37. c5 Rb8 38. Rg1 Ng5 39. Rac1 Nxf3 40. Qxf3 Nd5 41.
g5 h5 42. Rh1 b4 43. a4 Nc3 44. Rxh5 Rc7 45. Nf6+ Kf7 46. Bxc3 bxc3 47. Qd5+
Kf8 48. Qd6+ Re7 49. Qxb8+ Kf7 50. Qg8# 1-0

[Event "DM 2022 Kort Paaske 1 Grp1"]
[Site "Svendborg"]
[Date "2022.04.11"]
[Round "5"]
[White "Motzkus, Mikkel Vinther"]
[Black "Christensen, Michael Rene"]
[Result "1-0"]
[WhiteElo "1974"]
[BlackElo "1694"]
[PlyCount "67"]
[EventDate "2022.04.09"]
[EventType "swiss"]
[EventRounds "5"]
[EventCountry "DEN"]

1. d4 d5 2. Nf3 Nf6 3. c4 c6 4. Nc3 Bg4 5. e3 Nbd7 6. Be2 e6 7. O-O Bd6 8. cxd5
exd5 9. Qc2 Qc7 10. h3 Bh5 11. Bd2 O-O 12. Rfc1 a6 13. a3 Rfe8 14. b4 Bg6 15.
Bd3 Bxd3 16. Qxd3 Ne4 17. Nxd5 Qd8 18. Nc3 Ndf6 19. Be1 Qe7 20. Nd2 Rad8 21.
Ndxe4 Nxe4 22. Nxe4 Qxe4 23. Qxe4 Rxe4 24. Bd2 Rde8 25. a4 f5 26. f3 R4e7 27.
Kf2 g5 28. Rab1 h5 29. b5 cxb5 30. axb5 g4 31. bxa6 bxa6 32. Rc6 Re6 33. Rbb6
Rd8 34. Rxa6 1-0

[Event "DM 2022 Kort Paaske 1 Grp1"]
[Site "Svendborg"]
[Date "2022.04.11"]
[Round "5"]
[White "Hansen, Alex"]
[Black "Fischer, Johan"]
[Result "1/2-1/2"]
[WhiteElo "1875"]
[BlackElo "1901"]
[PlyCount "29"]
[EventDate "2022.04.09"]
[EventType "swiss"]
[EventRounds "5"]
[EventCountry "DEN"]

1. d4 Nf6 2. c4 e6 3. Nf3 b6 4. e3 Bb7 5. Bd3 Bb4+ 6. Bd2 Bxd2+ 7. Nbxd2 d6 8.
O-O Nbd7 9. b4 c5 10. Qa4 O-O 11. Rfe1 Qc7 12. Rac1 Rac8 13. a3 Rfd8 14. Qc2 h6
15. h3 1/2-1/2

[Event "DM 2022 Kort Paaske 1 Grp1"]
[Site "Svendborg"]
[Date "2022.04.11"]
[Round "5"]
[White "Madsen, Egon Rysgaard"]
[Black "Jorgensen, Ole Eik"]
[Result "0-1"]
[WhiteElo "1688"]
[BlackElo "1854"]
[PlyCount "114"]
[EventDate "2022.04.09"]
[EventType "swiss"]
[EventRounds "5"]
[EventCountry "DEN"]

1. e4 d5 2. exd5 Nf6 3. Nf3 Nxd5 4. d4 Bg4 5. Be2 e6 6. c3 Nd7 7. Ne5 Bxe2 8.
Qxe2 c6 9. Nd2 Nf4 10. Qf3 Nxe5 11. dxe5 Nd3+ 12. Ke2 Nxe5 13. Qe4 Qd5 14. Qxd5
cxd5 15. f4 Nc6 16. Nb3 O-O-O 17. Be3 Be7 18. Rac1 Kb8 19. a3 Rd7 20. Rhd1 Rhd8
21. Nd4 Bf6 22. g4 h6 23. Rc2 Nxd4+ 24. Bxd4 Bxd4 25. Rxd4 Rc8 26. Rcd2 Rdc7
27. Kf3 Rc4 28. f5 Rxd4 29. Rxd4 Re8 30. b3 Kc7 31. c4 Kc6 32. cxd5+ exd5 33.
h4 f6 34. Rd3 a5 35. Rc3+ Kd6 36. b4 axb4 37. axb4 Re7 38. Rc8 Kd7 39. Rc3 Re4
40. Rb3 Rc4 41. Rd3 Kc6 42. Rb3 Kb5 43. Rd3 d4 44. Kf4 Kxb4 45. g5 Kc5 46. gxf6
gxf6 47. Kg4 Rc3 48. Rd1 h5+ 49. Kxh5 Rg3 50. Rc1+ Kd6 51. Rb1 Ke5 52. Rxb7
Kxf5 53. Rb5+ Ke4 54. Rb8 f5 55. Kh6 d3 56. h5 d2 57. Rd8 Rd3 0-1

[Event "DM 2022 Kort Paaske 1 Grp1"]
[Site "Svendborg"]
[Date "2022.04.11"]
[Round "5"]
[White "Johansen, Johnny Holler"]
[Black "Justesen, Martin Bonde"]
[Result "1-0"]
[WhiteElo "1891"]
[BlackElo "1852"]
[PlyCount "75"]
[EventDate "2022.04.09"]
[EventType "swiss"]
[EventRounds "5"]
[EventCountry "DEN"]

1. e4 e6 2. d4 d5 3. exd5 exd5 4. Bd3 c5 5. c3 cxd4 6. cxd4 Bb4+ 7. Bd2 Qe7+ 8.
Ne2 Nf6 9. O-O O-O 10. Nbc3 Nc6 11. Rc1 h6 12. Bf4 Bd6 13. Bxd6 Qxd6 14. h3 Be6
15. Qd2 Rfe8 16. Rfe1 Re7 17. Bb1 Rae8 18. Ng3 Bc8 19. Nce2 Ne4 20. Nxe4 dxe4
21. Rcd1 e3 22. Qd3 exf2+ 23. Kxf2 g6 24. Qd2 Kg7 25. Kg1 Nb4 26. d5 Na6 27.
Nc3 Nc7 28. Rxe7 Rxe7 29. Qd4+ f6 30. Ne4 Qe5 31. Qxe5 fxe5 32. d6 Rd7 33. Rc1
Nb5 34. Rxc8 Nxd6 35. Nxd6 Rxd6 36. Rc7+ Kf6 37. Be4 b6 38. Rxa7 1-0

[Event "DM 2022 Kort Paaske 1 Grp1"]
[Site "Svendborg"]
[Date "2022.04.11"]
[Round "5"]
[White "Skytte, Robert"]
[Black "Steenstrup, Svend"]
[Result "0-1"]
[WhiteElo "1437"]
[BlackElo "1941"]
[PlyCount "34"]
[EventDate "2022.04.09"]
[EventType "swiss"]
[EventRounds "5"]
[EventCountry "DEN"]

1. e4 g6 2. d4 Nf6 3. e5 Nh5 4. g4 Ng7 5. f4 d6 6. Nf3 Bxg4 7. h3 Bh5 8. Nc3 e6
9. Bd3 Be7 10. Be3 Bh4+ 11. Bf2 Bxf2+ 12. Kxf2 Nc6 13. Ne4 Bxf3 14. Qxf3 dxe5
15. dxe5 Qd4+ 16. Ke1 O-O-O 17. Ke2 Qxb2 0-1

[Event "DM 2022 Kort Paaske 1 Grp1"]
[Site "Svendborg"]
[Date "2022.04.11"]
[Round "5"]
[White "Aggerbeck Lauritzen, Nikolaj"]
[Black "Jungberg, Lasse"]
[Result "1-0"]
[WhiteElo "1635"]
[BlackElo "1740"]
[PlyCount "35"]
[EventDate "2022.04.09"]
[EventType "swiss"]
[EventRounds "5"]
[EventCountry "DEN"]

1. d4 Nf6 2. Bf4 g6 3. Nc3 Bg7 4. Qd2 O-O 5. Bh6 c6 6. Bxg7 Kxg7 7. O-O-O d5 8.
h4 Nbd7 9. h5 Nxh5 10. g4 Nhf6 11. Qh6+ Kg8 12. e4 dxe4 13. Be2 Qa5 14. g5 Nh5
15. Bxh5 gxh5 16. Rxh5 Qf5 17. g6 Qxh5 18. gxh7+ 1-0